Statistiques concernant Les Luc et les Jean-Luc célèbres par images

Cliquez ici pour prendre le quiz!

Statistiques générales

  • Ce quiz a été pris 101 fois
  • Le résultat moyen est 5 sur 16

Statistiques - réponses

Réponse% Correct
Jean-Luc Mélenchon
95%
Jean-Luc Reichmann
88%
Jean-Luc Delarue
72%
Luc Ferry
54%
Saint Luc
48%
Jean-Luc Godard
40%
Luc Plamondon
37%
Jean-Luc Bideau
25%
Jean-Luc Petitrenaud
17%
Luc Montagnier
9%
Jean-Luc Le Ténia
3%
Luc Boltanski
2%
Luc Ferrari
1%
Luc Moullet
1%
Jean-Luc Brunel
0%
Jean-Luc Marion
0%

Distribution des résultats

Percentile par nombre de réponses

% des personnes avec chaque résultat

Votre développement - résultats

Vous n’avez pas pris ce quiz